[Event "Bratsk-ch"]
[Site "Bratsk"]
[Date "2018.03.31"]
[Round "9"]
[White "Mashaev, Tayanych"]
[Black "Vasilyev, Vasily I"]
[Result "1-0"]
[WhiteElo "2073"]
[BlackElo "1909"]
[PlyCount "101"]
[EventDate "2018.03.24"]
[EventType "tourn"]
[EventRounds "13"]
[EventCountry "RUS"]
[SourceTitle "EXT 2019"]
[Source "ChessBase"]
[SourceDate "2018.10.10"]
[SourceVersion "1"]
[SourceVersionDate "2018.10.10"]
[SourceQuality "1"]

1. d4 d5 2. c4 c6 3. Nf3 Nf6 4. Nc3 Nbd7 5. b3 e6 6. Bb2 Qa5 7. Nd2 Bb4 8. Qc2 0-0 9. a3 Be7 10. g3 dxc4 11. Nxc4 Qc7 12. Bg2 a6 13. 0-0 b5 14. Nd2 Bb7 15. Rac1 Rac8 16. Nce4 Qb6 17. Nc5 Ba8 18. b4 Rfd8 19. Ndb3 Nxc5 20. Nxc5 a5 21. Rfd1 axb4 22. axb4 Nd5 23. Qb3 Rc7 24. e4 Nf6 25. h3 Ra7 26. Kh2 Bb7 27. f4 Rda8 28. Nxe6 fxe6 29. Qxe6+ Kf8 30. e5 Ne8 31. d5 Bc8 32. Rxc6 Qb7 33. Rxc8 Qxc8 34. Qxc8 Rxc8 35. d6 Rc2 36. dxe7+ Kxe7 37. Bd4 Raa2 38. Rg1 Ke6 39. g4 g6 40. Kg3 Nc7 41. Be4 Ra3+ 42. Kh4 Rh2 43. f5+ Kf7 44. e6+ Kg8 45. Bg2 Rd3 46. Be5 Rxg2 47. Rxg2 Nd5 48. f6 Nxb4 49. Rf2 Kf8 50. f7 g5+ 51. Kxg5 1-0

[Event "Bratsk-ch"]
[Site "Bratsk"]
[Date "2018.03.29"]
[Round "7"]
[White "Permyakova, Elvira"]
[Black "Vasilyev, Vasily I"]
[Result "0-1"]
[WhiteElo "1730"]
[BlackElo "1909"]
[PlyCount "76"]
[EventDate "2018.03.24"]
[EventType "tourn"]
[EventRounds "13"]
[EventCountry "RUS"]
[SourceTitle "EXT 2019"]
[Source "ChessBase"]
[SourceDate "2018.10.10"]
[SourceVersion "1"]
[SourceVersionDate "2018.10.10"]
[SourceQuality "1"]

1. Nf3 c5 2. c4 g6 3. b3 Bg7 4. Nc3 Nc6 5. Bb2 Nf6 6. a3 0-0 7. e3 Qa5 8. Bd3 d6 9. Qc2 Rd8 10. 0-0 Bg4 11. Nh4 Ne5 12. Be2 Bxe2 13. Nxe2 b5 14. f4 Ned7 15. d4 Ng4 16. Rf3 bxc4 17. bxc4 Rab8 18. Bc3 Qb6 19. d5 Qb3 20. Qxb3 Rxb3 21. e4 Rdb8 22. Bxg7 Kxg7 23. Rc1 Rb1 24. Rfc3 R8b2 25. h3 Rxc1+ 26. Nxc1 Ngf6 27. Kh2 Nxe4 28. Re3 f5 29. Nb3 Nb6 30. Na5 Kf6 31. Nf3 h6 32. h4 Rc2 33. Rb3 Nxc4 34. Nc6 Nb6 35. Nxa7 Nxd5 36. Nc6 Nxf4 37. Rb7 Rxg2+ 38. Kh1 Ng3# 0-1

[Event "Bratsk-ch"]
[Site "Bratsk"]
[Date "2018.03.27"]
[Round "5"]
[White "Ogorelkov, Vladimir"]
[Black "Vasilyev, Vasily I"]
[Result "1-0"]
[WhiteElo "1372"]
[BlackElo "1909"]
[PlyCount "111"]
[EventDate "2018.03.24"]
[EventType "tourn"]
[EventRounds "13"]
[EventCountry "RUS"]
[SourceTitle "EXT 2019"]
[Source "ChessBase"]
[SourceDate "2018.10.10"]
[SourceVersion "1"]
[SourceVersionDate "2018.10.10"]
[SourceQuality "1"]

1. e4 c5 2. Nc3 Nc6 3. g3 g6 4. Bg2 Bg7 5. f4 d6 6. Nf3 e6 7. 0-0 Nge7 8. d3 0-0 9. Be3 b6 10. Qd2 d5 11. Nd1 Ba6 12. e5 Nf5 13. g4 Nxe3 14. Qxe3 Qc7 15. g5 Ne7 16. Nf2 Nf5 17. Qe2 Bb7 18. Ng4 d4 19. Nd2 h6 20. Bxb7 Qxb7 21. gxh6 Bxh6 22. Ne4 Kg7 23. Rf3 Rh8 24. Raf1 Kf8 25. Nef6 Ke7 26. Re1 Bg7 27. Ne4 Rh4 28. Qg2 Rah8 29. h3 Qa6 30. a3 Qb5 31. Rb1 Qc6 32. b3 b5 33. Qf1 a6 34. Kg2 R4h5 35. Kf2 Bh6 36. Re1 Nh4 37. Nxh6 Nxf3 38. Nxf7 Nxe1 39. Nxh8 Nxd3+ 40. cxd3 Rxh8 41. Qg2 Kd7 42. Qxg6 Rxh3 43. f5 Kc7 44. f6 c4 45. dxc4 bxc4 46. b4 d3 47. f7 Rh8 48. Qg7 Qd7 49. f8Q Rxf8+ 50. Qxf8 Qd4+ 51. Kf3 d2 52. Qd6+ Qxd6 53. exd6+ Kd7 54. Ke2 c3 55. Kd1 Kc6 56. a4 1-0

[Event "Bratsk-ch"]
[Site "Bratsk"]
[Date "2018.03.26"]
[Round "4"]
[White "Vasilyev, Vasily I"]
[Black "Shaydullin, Marsel"]
[Result "0-1"]
[WhiteElo "1909"]
[BlackElo "1888"]
[PlyCount "82"]
[EventDate "2018.03.24"]
[EventType "tourn"]
[EventRounds "13"]
[EventCountry "RUS"]
[SourceTitle "EXT 2019"]
[Source "ChessBase"]
[SourceDate "2018.10.10"]
[SourceVersion "1"]
[SourceVersionDate "2018.10.10"]
[SourceQuality "1"]

1. e4 Nf6 2. e5 Nd5 3. d4 d6 4. Bc4 Nb6 5. Be2 dxe5 6. dxe5 Qxd1+ 7. Bxd1 Nc6 8. f4 Bf5 9. Nf3 e6 10. Be3 Nc4 11. Bc1 Bc5 12. b3 Ne3 13. Bxe3 Bxe3 14. g3 h6 15. Nbd2 0-0-0 16. c3 g5 17. Nc4 gxf4 18. Nxe3 fxe3 19. Be2 Bh3 20. Rd1 Bg2 21. Rg1 Bxf3 22. Bxf3 Nxe5 23. Be4 f5 24. Bg2 Rxd1+ 25. Kxd1 Rd8+ 26. Ke2 Rd2+ 27. Kxe3 Rxa2 28. Kd4 Re2 29. h3 a5 30. g4 b6 31. b4 Kd7 32. gxf5 Kd6 33. b5 exf5 34. c4 Rd2+ 35. Kc3 Rd3+ 36. Kc2 Rd4 37. Bf1 Kc5 38. Rg7 Rd7 39. Rg3 f4 40. Rc3 a4 41. Ra3 Kb4 0-1